000 00421nam a22001697a 4500
003 NUST - PNEC
005 20170116180903.0
008 150902b xxu||||| |||| 00| 0 eng d
020 _a139780070648487
040 _cLIBRARY
082 _a620.106 WHI
100 _96477
_aWhite, Frank M.
245 _aFluid mechanics
_cFrank M,White
250 _a6th ed
650 _96478
_aFluid mechanics
_xME/IME
942 _2ddc
_cBK
999 _c65014
_d65014